Normal view
MARC view
- Rao, S Poornachandra
Entry Personal Name
001 - CONTROL NUMBER
- control field: 104546
003 - CONTROL NUMBER IDENTIFIER
- control field: NUST
005 - DATE AND TIME OF LATEST TRANSACTION
- control field: 20221209113301.0
008 - FIXED-LENGTH DATA ELEMENTS
- fixed length control field: 221209|| aca||aabn | a|a d
040 ## - CATALOGING SOURCE
- Original cataloging agency: NUST
- Transcribing agency: NUST
100 ## - HEADING--PERSONAL NAME
- Personal name: Rao, S Poornachandra
670 ## - SOURCE DATA FOUND
- Source citation: Work cat.: (NUST)188615: Rao, S Poornachandra,, Handbook of experiments in electronics and communication engineering /, 2003
